<?xml version="1.0" encoding="UTF-8"?>
<record
    xmlns:xsi="http://www.w3.org/2001/XMLSchema-instance"
    xsi:schemaLocation="http://www.loc.gov/MARC21/slim http://www.loc.gov/standards/marcxml/schema/MARC21slim.xsd"
    xmlns="http://www.loc.gov/MARC21/slim">

  <leader>01047na  a2200289   4500</leader>
  <controlfield tag="001">18421</controlfield>
  <controlfield tag="003">MIRAKIL</controlfield>
  <controlfield tag="005">20181213155035.0</controlfield>
  <controlfield tag="008">161118b        tu            000 0      </controlfield>
  <datafield tag="040" ind1=" " ind2=" ">
    <subfield code="a">Milas</subfield>
    <subfield code="b">tur</subfield>
    <subfield code="c">TR-AnCHP</subfield>
  </datafield>
  <datafield tag="041" ind1=" " ind2=" ">
    <subfield code="a">tur</subfield>
  </datafield>
  <datafield tag="082" ind1=" " ind2=" ">
    <subfield code="a">342.02</subfield>
    <subfield code="b">T12a 2003</subfield>
  </datafield>
  <datafield tag="090" ind1=" " ind2=" ">
    <subfield code="a">342.02 T12a 2003</subfield>
  </datafield>
  <datafield tag="110" ind1=" " ind2=" ">
    <subfield code="a">T.C. Anayasa</subfield>
  </datafield>
  <datafield tag="240" ind1=" " ind2=" ">
    <subfield code="a">[Anayasa 1980]</subfield>
  </datafield>
  <datafield tag="245" ind1=" " ind2=" ">
    <subfield code="a">T&#xFC;rkiye Cumhuriyeti Anayasas&#x131;</subfield>
    <subfield code="c">TBMM Kanunlar ve Kararlar M&#xFC;d&#xFC;rl&#xFC;&#x11F;&#xFC;</subfield>
  </datafield>
  <datafield tag="260" ind1=" " ind2=" ">
    <subfield code="a">Ankara</subfield>
    <subfield code="b">TBMM Kanunlar ve Kararlar M&#xFC;d&#xFC;rl&#xFC;&#x11F;&#xFC;</subfield>
    <subfield code="c">2003</subfield>
  </datafield>
  <datafield tag="300" ind1=" " ind2=" ">
    <subfield code="a">105 s.</subfield>
    <subfield code="c">16 sm.</subfield>
  </datafield>
  <datafield tag="500" ind1=" " ind2=" ">
    <subfield code="a">D&#x131;&#x15F; kapakta yap&#x131;t ad&#x131;: TBMM Kanunlar ve Kararlar M&#xFC;d&#xFC;rl&#xFC;&#x11F;&#xFC; ve T&#xFC;rkiye B&#xFC;y&#xFC;k Millet Meclisi &#x130;&#xE7;t&#xFC;z&#xFC;&#x11F;&#xFC;</subfield>
  </datafield>
  <datafield tag="610" ind1=" " ind2=" ">
    <subfield code="a">TBMM</subfield>
    <subfield code="b">&#x130;&#xE7; t&#xFC;z&#xFC;k</subfield>
  </datafield>
  <datafield tag="650" ind1=" " ind2=" ">
    <subfield code="a">Yasalar</subfield>
    <subfield code="x">Anayasa</subfield>
    <subfield code="z">T&#xFC;rkiye</subfield>
  </datafield>
  <datafield tag="650" ind1=" " ind2=" ">
    <subfield code="a">Anayasa hukuku</subfield>
    <subfield code="x">&#x130;&#xE7; t&#xFC;z&#xFC;k</subfield>
    <subfield code="z">T&#xFC;rkiye</subfield>
  </datafield>
  <datafield tag="650" ind1=" " ind2=" ">
    <subfield code="a">Anayasa hukuku</subfield>
    <subfield code="z">T&#xFC;rkiye</subfield>
  </datafield>
  <datafield tag="710" ind1=" " ind2=" ">
    <subfield code="a">TBMM Kanunlar ve Kararlar M&#xFC;d&#xFC;rl&#xFC;&#x11F;&#xFC;</subfield>
  </datafield>
  <datafield tag="740" ind1=" " ind2=" ">
    <subfield code="a"> TBMM Kanunlar ve Kararlar M&#xFC;d&#xFC;rl&#xFC;&#x11F;&#xFC; ve T&#xFC;rkiye B&#xFC;y&#xFC;k Millet Meclisi &#x130;&#xE7;t&#xFC;z&#xFC;&#x11F;&#xFC;</subfield>
  </datafield>
  <datafield tag="942" ind1=" " ind2=" ">
    <subfield code="2">ddc</subfield>
    <subfield code="c">BKS</subfield>
  </datafield>
  <datafield tag="952" ind1=" " ind2=" ">
    <subfield code="a">0001</subfield>
    <subfield code="b">0001</subfield>
    <subfield code="d">2016-11-18</subfield>
    <subfield code="e">2</subfield>
    <subfield code="l">0</subfield>
    <subfield code="o">342.02 T12a 2003</subfield>
    <subfield code="p">009541</subfield>
    <subfield code="r">2016-11-18 00:00:00</subfield>
    <subfield code="v">0.00</subfield>
    <subfield code="w">2016-11-18</subfield>
    <subfield code="y">BKS</subfield>
  </datafield>
  <datafield tag="999" ind1=" " ind2=" ">
    <subfield code="c">5396</subfield>
    <subfield code="d">5396</subfield>
  </datafield>
</record>
